000 02440cgm a2200565Ii 4500
001 767739562
003 OCoLC
005 20250110134832.0
007 vd cvaizs
008 111207t20112011nyu088 vleng d
020 _a9781422935897
_qDVD
020 _a1422935892
024 1 0 _a733961267327
028 4 2 _a267320
_bA&E Home Video
028 4 2 _aAAAE267320
_bA&E Home Video
033 0 1 _a2011----
_b3700
040 _aTEFMT
_beng
_erda
_cTEFMT
_dBTCTA
_dTEF
_dGK8
_dRLS
_dGPI
_dOCLCO
_dDLM
_dQBX
_dOCLCO
_dTEF
_dMY-SjTCS
041 1 _aeng
_jeng
_jspa
082 0 4 _a550
_bHIS 2021
245 0 0 _aHistory of the world in two hours /
_cproduced by Flight 33 Productions, LLC for History ; written and directed by Douglas J. Cohen.
246 3 _aHistory of the world in 2 hours
257 _aUnited States.
_2naf
264 1 _a[New York, NY] :
_bA & E Television Networks :
_bDistributed by Lionsgate,
_c[2011]
264 4 _c©2011
300 _a1 videodisc (approximately 88 min.) :
_bsound, color ;
_c4 3/4 in.
336 _atwo-dimensional moving image
_2rdacontent
337 _avideo
_2rdamedia
338 _avideodisc
_2rdacarrier
340 _gpolychrome
_2rdacc
344 _adigital
_2rdatr
344 _boptical
_2rdarm
344 _gstereo
_2rdapc
345 _awidescreen
346 _bNTSC
_2rdabs
347 _avideo file
_2rdaft
347 _bDVD video
511 0 _aNarrated by Corey Burton.
518 _aOriginally broadcast by History in 2011.
520 _aDid you know that 1% of the white noise you see on your television is actually background radiation from The Big Bang? This CGI-driven special will tell the 14 billion year history of our world in two hours. It's an epic story that will give surprising connections to our daily lives. From the formation of the earth and the emergence of life, to the advance of man and the growth of civilization, it's a rapid-fire view of our unforgettable story.
538 _aDVD, widescreen presentation; stereo., NTSC.
546 _aEnglish and Spanish subtitles.
651 0 _aEarth (Planet)
_xHistory
_9308315
650 0 _aCivilization
_9200
700 1 _aCohen, Douglas J.,
_escreenwriter,
_edirector.
_9308316
710 2 _aFlight 33 Productions (Firm)
_9308317
710 2 _aArts and Entertainment Network
_9204466
710 2 _aLions Gate Entertainment (Firm)
_970299
710 2 _aHistory (Television network)
_9308318
920 _aSOPU : 334127
999 _c189346